000 00322 a2200109 4500
001 ART_11749
005 20260410161900.0
008 260409a
245 1 0 _aVoting over income tax schedules
100 1 _aRoberts, Kevin
773 0 _tJournal of public economics
_g- Vol. 8, NÂș 3 (dic. 1977)
_wREV11485
999 _c25795
_d25795